| 000 | 00797cam a2200229 a 4500 | ||
|---|---|---|---|
| 001 | 000001885 | ||
| 005 | 20200929145738.0 | ||
| 008 | 831130s1984 sp a b 001 0 spa | ||
| 020 | _a0399128921 | ||
| 040 |
_aDO-SdBNP _cDLC _dDLC |
||
| 082 |
_a001.94 _bB515a |
||
| 100 | 1 |
_aBerlitz, Charles, _d1914-2003. _96157 |
|
| 245 | 1 | 0 |
_aAtlántida : _bel octavo continente / _cCharles Berlitz ; traducción, María del Mar Moya, Miquel Muntaner. |
| 260 |
_aEspaña : _bPlaneta, _c1984. |
||
| 300 |
_a216, [9] p. : _bil. ; _c21 cm. |
||
| 504 | _aBibliografía: p. [211]-213. | ||
| 651 | 4 |
_aAtlántida _xCivilización Antigua _96158 |
|
| 653 | 0 | _aATLANTIDA (LUGAR LEGENDARIO) | |
| 700 | 1 |
_aMar Moya, María del. _etr. _96159 |
|
| 700 | 1 |
_aMuntaner, Miquel. _etr. _96160 |
|
| 910 | _aCatalogación por copia / LC | ||
| 999 |
_c1760 _d1760 |
||